| 000 | 00503cam a2200193ua 4500 | ||
|---|---|---|---|
| 001 | 1040 | ||
| 008 | 110427n ii |||gr||||Z||||||eng | ||
| 020 | _a81-7680-021-0 | ||
| 040 | _cMAIN | ||
| 082 | _a320.954 | ||
| 245 | 1 |
_aBharatar sarkar aru rajniti. _cBy Thaneswar Lahan. |
|
| 250 | _a1st. | ||
| 260 |
_aDibrugarh.: _bStudents emporium., _c2004. |
||
| 300 |
_a427 p.: _c20 cm. |
||
| 653 | _aPolitical science. | ||
| 653 | _aBharatar sarkar aru rajniti. | ||
| 700 | 1 | _aLahan, Thaneswar., | |
| 942 | _cBK | ||
| 999 |
_c957 _d957 |
||